00644nam a2200217Ia 450000500170000000800410001702000180005804000180007604100080009408200210010210000180012324500970014125000120023826000380025030000260028865000220031465000210033665000220035765000280037970000190040720220124161827.0210716s2012 xx 000 0 und d a9788126531318 cAIMIT LIBRARY aeng a001.42 22bSEKU aSekaran, Uma. aResearch methods for business: bskill building approach /cby Uma Sekaran and Roger Bougie. a5th ed. aNew Delhi :bWiley India ,c2012. axx;468p. ; c23.5 cm. aResearch Methods. aResearch Design. aResearch Process. aData Collection Method. aBougie, Roger.